| 000 | 00437nam a2200169Ia 4500 | ||
|---|---|---|---|
| 008 | 221030s9999 xx 000 0 und d | ||
| 020 | _a0070855447 | ||
| 041 | _aEnglish | ||
| 082 |
_a105.23 _bOLV |
||
| 100 | _aB. M. Olvier | ||
| 245 | 0 |
_aElectronic Measurements & Instrumentation _cby B. M. Olvier, J. M. Cage |
|
| 260 |
_bMcGraw Hill Pub. _aNew Delhi _c1975 |
||
| 300 | _a729 | ||
| 650 | _aECE | ||
| 700 | _aJ. M. Cage | ||
| 942 | _cBK | ||
| 999 |
_c6571 _d6571 |
||